فتاة مصر

محفوظ في:

التنسيق: كتاب

اللغة: Undetermined

الوسوم: إضافة وسم

لا توجد وسوم, كن أول من يضع وسما على هذه التسجيلة!

رقم الطلب: P33 FATA

LEADER 00213nam a2200097Ia 4500
008 240404s9999||||xx |||||||||||||| ||und||
050 4 |a P33 FATA 
245 1 0 |a فتاة مصر 
300 |a 153  |c 24 
942 |2 lcc  |c BK 
999 |c 57925  |d 57925